Seminaire de theorie du potentiel, Paris, no. 8
Αποθηκεύτηκε σε:
| Συγγραφή απο Οργανισμό/Αρχή: | |
|---|---|
| Άλλοι συγγραφείς: | , |
| Μορφή: | Πρακτικό Συνεδρίου Βιβλίο |
| Γλώσσα: | French |
| Δημοσίευση: |
Berlin :
Springer-Verlag,
c1987.
|
| Σειρά: | Lecture notes in mathematics (Springer-Verlag)
; 1235 |
| Θέματα: | |
| Ετικέτες: |
Προσθήκη ετικέτας
Δεν υπάρχουν, Καταχωρήστε ετικέτα πρώτοι!
|
MARC
| LEADER | 00000cam a2200000 i 4500 | ||
|---|---|---|---|
| 001 | 1/26797 | ||
| 008 | 941103s1987 gw ||| | fre|| | ||
| 020 | |a 3540172106 | ||
| 035 | |a 1993 |l 10037669 | ||
| 040 | |a GR-MyUA |b gre |e AACR2 | ||
| 041 | 0 | |a fre | |
| 082 | 0 | |a 515.7 | |
| 111 | 0 | |a Seminaire de Theorie du Potentiel |n 8th |d 1987 |c Paris, France. | |
| 245 | 1 | 0 | |a Seminaire de theorie du potentiel, Paris, no. 8 / |c redacteurs: F. Hirsch et G. Mokobodzki. |
| 260 | |a Berlin : |b Springer-Verlag, |c c1987. | ||
| 300 | |a 209 σ.; |c 25 εκ. | ||
| 490 | 1 | |a (Lecture notes in mathematics (Springer-Verlag) |v ; 1235) | |
| 500 | |a Περιέχει βιβλιογραφικές αναφορές. | ||
| 650 | 0 | 0 | |a Potential theory (Mathematics) |x Congresses. |
| 700 | 1 | |a Hirsch, Francis, |e edt | |
| 700 | 1 | |a Mokobodzki, G. |q (Gabriel) |e edt | |
| 830 | 0 | |a Lecture notes in mathematics (Springer-Verlag) |v ; 1235 | |
| 852 | |a INST |b SAMOS |e 19941103 |h 515.7 SEM |p 005300007966 |q 005300007966 |t BK |y 0 | ||
| 909 | |a Σ |b 029087 | ||